Восток - Россия - Запад. Современные процессы развития физической культуры, спорта и туризма. Состояние и перспективы формирования здорового образа жизни (Запись № 964032)
[ простой вид ]
| 000 -МАРКЕР | |
|---|---|
| контрольное поле | 02908nam1a2200409 i 4500 |
| 001 - ИДЕНТИФИКАТОР ЗАПИСИ | |
| контрольное поле | RU\NLR\bibl\1666804 |
| 005 - ИДЕНТИФИКАТОР ВЕРСИИ | |
| контрольное поле | 20260407232008.0 |
| 035 ## - ДРУГИЕ СИСТЕМНЫЕ НОМЕРА | |
| Идентификатор записи | (NLR Aleph) 001658077 |
| 100 ## - ДАННЫЕ ОБЩЕЙ ОБРАБОТКИ | |
| Данные общей обработки | 20100823g20109999k y0rusy50 ca |
| 101 0# - ЯЗЫК РЕСУРСА | |
| Язык текста, звукозаписи и т.д. | русский |
| 102 ## - СТРАНА ПУБЛИКАЦИИ ИЛИ ПРОИЗВОДСТВА | |
| Страна публикации | Российская Федерация |
| 105 ## - ПОЛЕ КОДИРОВАННЫХ ДАННЫХ: ТЕКСТОВЫЕ МАТЕРИАЛЫ, МОНОГРАФИЧЕСКИЕ | |
| Кодированные данные о монографическом текстовом документе | ||||z ||||| |
| 200 1# - ЗАГЛАВИЕ И СВЕДЕНИЯ ОБ ОТВЕТСТВЕННОСТИ | |
| Основное заглавие | Восток - Россия - Запад. Современные процессы развития физической культуры, спорта и туризма. Состояние и перспективы формирования здорового образа жизни |
| Сведения, относящиеся к заглавию | материалы VII международного симпозиума, 6-10 мая 2010 г. |
| Первые сведения об ответственности | [под науч. ред. д.п.н., проф. В.С. Макеевой] |
| 210 ## - ПУБЛИКАЦИЯ, РАСПРОСТРАНЕНИЕ И ДР. | |
| Место издания, распространения и т.д. | Орел |
| Имя издателя, распространителя и т. д. | ОрелГТУ |
| Дата издания, распространения и т.д. | 2010 |
| 215 ## - ФИЗИЧЕСКАЯ ХАРАКТЕРИСТИКА | |
| Размеры | 21 |
| 300 ## - ОБЩИЕ ПРИМЕЧАНИЯ | |
| Текст примечания | В надзаг.: Упр. по физ. культуре и спорту Орл. обл., Гос. образоват. учреждение высш. проф. образования "Орл. гос. техн. ун-т", г. Орел, Гос. образоват. учреждение высш. проф. образования "Сиб. гос. аэрокосм. ун-т им. М.Ф. Решетнева", г. Красноярск [и др.] |
| 300 ## - ОБЩИЕ ПРИМЕЧАНИЯ | |
| Текст примечания | Посвящается 65-летию победы над фашистской Германией |
| 463 #0 - УРОВЕНЬ ФИЗИЧЕСКОЙ ЕДИНИЦЫ | |
| Встроенное поле | 0011653829 |
| 463 #0 - УРОВЕНЬ ФИЗИЧЕСКОЙ ЕДИНИЦЫ | |
| Встроенное поле | 0011652139 |
| 517 0# - ДРУГИЕ ВАРИАНТЫ ЗАГЛАВИЯ | |
| Вариант заглавия | Современные процессы развития физической культуры, спорта и туризма |
| 517 0# - ДРУГИЕ ВАРИАНТЫ ЗАГЛАВИЯ | |
| Вариант заглавия | Состояние и перспективы формирования здорового образа жизни |
| 606 1# - НАИМЕНОВАНИЕ ТЕМЫ КАК ПРЕДМЕТ | |
| Наименование темы | Физическая культура и спорт |
| Формальный подзаголовок | Съезды, совещания и т.п. |
| Системный номер авторитетной/нормативной записи | 909851 |
| Идентификатор авторитетной/нормативной записи | RU\NLR\auth\6612378 |
| 606 ## - НАИМЕНОВАНИЕ ТЕМЫ КАК ПРЕДМЕТ | |
| Наименование темы | Туризм |
| Формальный подзаголовок | Съезды, совещания и т.п. |
| Системный номер авторитетной/нормативной записи | 906944 |
| Идентификатор авторитетной/нормативной записи | RU\NLR\auth\6610825 |
| 606 ## - НАИМЕНОВАНИЕ ТЕМЫ КАК ПРЕДМЕТ | |
| Наименование темы | Здоровье |
| Формальный подзаголовок | Съезды, совещания и т.п. |
| Тематический подзаголовок | Влияние образа жизни |
| Системный номер авторитетной/нормативной записи | 1187547 |
| Идентификатор авторитетной/нормативной записи | RU\NLR\auth\66478790 |
| 686 ## - ИНДЕКСЫ ДРУГИХ КЛАССИФИКАЦИЙ | |
| Индекс | Ч514(0)я431 |
| 686 ## - ИНДЕКСЫ ДРУГИХ КЛАССИФИКАЦИЙ | |
| Индекс | Ч518.14(0)я431 |
| 686 ## - ИНДЕКСЫ ДРУГИХ КЛАССИФИКАЦИЙ | |
| Индекс | Р120.4я431(0) |
| 702 #1 - ИМЯ ЛИЦА - ВТОРИЧНАЯ ОТВЕТСТВЕННОСТЬ | |
| Начальный элемент ввода | Макеева |
| Часть имени, кроме начального элемента ввода | В. С. |
| Расширение инициалов личного имени | Вера Степановна |
| Код отношения | Редактор |
| 711 12 - НАИМЕНОВАНИЕ ОРГАНИЗАЦИИ - АЛЬТЕРНАТИВНАЯ ОТВЕТСТВЕННОСТЬ | |
| Начальный элемент ввода | "Восток - Россия - Запад. Современные процессы развития физической культуры, спорта и туризма. Состояние и перспективы формирования здорового образа жизни", международный симпозиум |
| Порядковый номер временной организации и / или порядковый номер ее части | 7 |
| Место проведения временной организации | Орел |
| Дата проведения временной организации | 2010 |
| Системный номер авторитетной/нормативной записи | 810661 |
| Идентификатор авторитетной/нормативной записи | RU\NLR\AUTH\8810157633 |
| 801 #0 - ИСТОЧНИК ЗАПИСИ | |
| Страна | Российская Федерация |
| Организация | NLR |
| Дата составления | 20100823 |
| Правила каталогизации | RCR |
| 801 #1 - ИСТОЧНИК ЗАПИСИ | |
| Страна | Российская Федерация |
| Организация | NLR |
| Дата составления | 20100823 |
| 852 ## - МЕСТОНАХОЖДЕНИЕ И ШИФР ХРАНЕНИЯ | |
| Идентификатор организации | NLR |
| Шифр хранения (Call Number) | 2010-3/22800 |
| 942 ## - ДОПОЛНИТЕЛЬНЫЕ ЭЛЕМЕНТЫ ЗАПИСИ (АБИС) | |
| Тип экземпляра АБИС | Книга |
Нет доступных экземпляров.